Las semillas de la violencia.

Guardat en:
Dades bibliogràfiques
Autor principal: Rojas Marcos, Luis
Format: Llibre
Idioma:espanyol
Publicat: Madrid, España Espasa 1996
Edició:10a. ed
Col·lecció:Espasa Hoy
Matèries:
Etiquetes: Afegir etiqueta
Sense etiquetes, Sigues el primer a etiquetar aquest registre!

MARC

LEADER 00000nam a2200000 a 4500
001 UCT0771
003 CL-VaPUC
005 20211105074322.0
008 960906e19960000SP |||||||||||||||||spa|d
999 |c 251477  |d 251475 
040 |c Pontificia Universidad Católica de Valparaíso 
082 0 4 |a 364.15 ROJ 1996  |2 21 
100 0 |a Rojas Marcos, Luis  |9 369225 
245 1 4 |a Las semillas de la violencia. 
250 |a 10a. ed 
260 0 3 |a Madrid, España  |b Espasa  |c 1996 
300 |a 228 páginas 
490 0 |a Espasa Hoy 
583 |a last modification  |c 19960906 00:00:00  |k Rodrigo Vera 
650 0 |a Violencia  |9 255411 
650 0 |a Psicología social   |9 222894 
650 0 |a Sociología   |9 255410 
650 0 |a Criminología  |9 256168 
650 0 |a Abuso de poder  |9 324689 
650 7 |a CRUELDAD  |2 CL-VaPUC  |9 349398 
650 7 |a SUICIDIO  |2 CL-VaPUC  |9 317374 
650 0 |a Agresividad  |9 257862 
650 0 |a Delitos sexuales  |9 256093 
650 0 |a Violencia sexual  |9 329832 
650 0 |a Delitos  |9 224143 
650 0 |a Problemas sociales  |9 258537 
942 |c BK  |2 ddc 
945 |d 19960906 00:00:00  |a nastorga 
952 |0 0  |1 0  |2 ddc  |4 0  |6 364_150000000000000_ROJ_1996  |7 0  |8 A  |9 270663  |a BIBEDU  |b BIBEDU  |d 2019-11-19  |i 3227987  |o 364.15 ROJ 1996  |p 3227987  |r 2019-11-19  |t 1  |w 2019-11-19  |y BK  |k EPE